[Event "Asian Schools-ch U17 12th Rapid"]
[Site "Tehran"]
[Date "2016.07.10"]
[Round "5.4"]
[White "Omidi, Arya"]
[Black "Gurbanov, Orazmuhammet"]
[Result "1-0"]
[WhiteElo "2049"]
[BlackElo "1429"]
[PlyCount "101"]
[EventDate "2016.07.10"]
[EventType "swiss"]
[EventRounds "7"]
[EventCountry "IRI"]
[SourceTitle "EXT 2024"]
[Source "ChessBase"]
[SourceDate "2023.10.10"]
[SourceVersion "1"]
[SourceVersionDate "2023.10.10"]
[SourceQuality "1"]

1. e4 c5 2. Nf3 Nc6 3. Bb5 e6 4. 0-0 Nge7 5. Re1 Ng6 6. c3 Be7 7. d4 cxd4 8. cxd4 a6 9. Bf1 d5 10. exd5 exd5 11. Nc3 0-0 12. a3 Bg4 13. Be2 Bf6 14. Be3 Re8 15. h3 Be6 16. Na4 b6 17. Rc1 Na5 18. b4 Nc4 19. Bxc4 dxc4 20. d5 Bxd5 21. Nxb6 Bxf3 22. Qxf3 Rb8 23. Nxc4 Qd3 24. Qd1 Red8 25. Qxd3 Rxd3 26. Kf1 Rc8 27. Ke2 Rc3 28. Rxc3 Bxc3 29. Rd1 h6 30. Nb6 Rc6 31. Rc1 Ne7 32. Na4 Be5 33. Rxc6 Nxc6 34. Nc5 Bb2 35. Nxa6 Bxa3 36. b5 Na5 37. Bc5 Bb2 38. Bb4 Nb7 39. Nc5 Nd8 40. b6 Nc6 41. Na6 Be5 42. b7 f6 43. Bc5 Kf7 44. Bb6 Nb8 45. Nxb8 Bxb8 46. Kf3 Ke6 47. Be3 g5 48. Kg4 Kf7 49. Kf5 h5 50. Bd4 g4 51. Bxf6 1-0